000
00315nam a22001457a 4500
008
221006b ||||| |||| 00| 0 eng d
020
_a
091429408
041
_a
eng
080
_2
1901 EDITION
_a
611
082
_a
611GRA
100
_a
10.2
101
_a
ANA
245
_a
GRAY'S ANATOMY
_c
GRAY H
942
_2
udc
_c
BK
999
_c
58399
_d
58399